000 00856nas a2200265 4500
001 BR7805691
003 BR-BrBNA
005 20231205083515.0
007 ta
008 230509b bl.|||p| |||| 00| 00por d
040 _aBR-BrBNA
_bpor
_cBiblioteca Nacional de Agricultura
041 _a(Pt)
072 _aF22; H60
100 1 _aSignori, L.H.
100 1 _aDeubert, R.
100 1 _aForster, R.
111 1 _a11. Seminario Brasileiro de Herbicidas e Ervas Daninhas
_cLondrina, PR (Brazil)
_d20 Jul 1976
245 1 _aLixiviacao de trifluralin, atrazine e bromacil em tres diferentes solos [Herbicida]
650 _aHERBICIDA
650 _aLIXIVIACAO
650 _aTEXTURA DO SOLO
773 0 _tPlanta Daninha (Brazil)
_xISSN 0100-8358
_g(Jan 1978), v. 1(1) p. 39-44
_wBR7805691
909 _a202311
_bLúcia
_c55
_dLúcia Elande
942 _2AGRIS
_n0
_cANA
999 _c99255
_d99255